| 000 | 00000nam##2200000za#4500 |
| 001 | 9.615926 |
| 003 | CaOODSP |
| 005 | 20240527135427 |
| 007 | ta |
| 008 | 150406|2002||||xxc||||| f|0| 0 eng|d |
| 020 | |a0-662-31806-4 |
| 040 | |aCaOODSP|beng |
| 043 | |an-cn--- |
| 086 | 1 |aCW69-4/75-2002E |
| 110 | 2 |aCanadian Wildlife Service. |
| 245 | 10|aWetlands |
| 260 | |aOttawa - Ontario : |bEnvironment Canada. |c2002. |
| 300 | |a5p. : |billus., references ; |c28 cm. |
| 490 | 1 |aHinterland who's who |
| 563 | |aPamphlet |
| 590 | |a02-24|b2002-06-14 |
| 690 | 07|aHabitats|2gcpds |
| 690 | 07|aWetlands|2gcpds |
| 776 | 0#|tWetlands |w(CaOODSP)9.571402 |
| 830 | #0|aHinterland who's who.|w(CaOODSP)9.514490 |